Pedagogía de la escritura creadora: minicuento, diario, imagen poética, haikú

Saved in:
Bibliografiske detaljer
Main Authors: Jaramillo Franco, Javier (Author), Manjarrés, Esperanza (Author)
Format: Bog
Sprog:spansk
Udgivet: Bogotá Magisterio 1998
Serier:Colección Aula Abierta
Fag:
Tags: Tilføj Tag
Ingen Tags, Vær først til at tagge denne postø!

MARC

LEADER 00000nam a2200000 a 4500
001 UCN0432
003 CL-VaPUC
008 010323e19980000CK |||||||||||||||||spa|d
020 |a 9582001658 
082 0 4 |a 372.6  |b JAR  |2 21 
100 0 |a Jaramillo Franco, Javier  |e author  |9 455662 
700 0 |a Manjarrés, Esperanza  |e author  |9 455663 
245 1 0 |a Pedagogía de la escritura creadora: minicuento, diario, imagen poética, haikú 
300 |a 269 p 
942 |c BK 
945 |d 20010323 00:00:00  |a cmena 
260 |a Bogotá  |b Magisterio  |c 1998 
650 0 |a Educación lingüística  |9 306506 
650 0 |a Enseñanza de la escritura  |9 307377 
650 0 |a Educación básica   |9 224933 
650 0 |a Métodos de enseñanza  |9 270413 
583 |a last modification  |c 20010323 00:00:00  |k Rodrigo Vera 
490 0 |a Colección Aula Abierta 
999 |c 294180  |d 294178 
952 |0 0  |1 0  |4 0  |6 372_600000000000000_JAR_1998  |7 0  |8 A  |9 346107  |a BIBEDU  |b BIBEDU  |c ES_NOD  |d 2019-11-20  |i 3702340  |o 372.6 JAR 1998  |p 3702340  |r 2023-08-09  |w 2019-11-20  |y BK  |k LIT